| 000 | 00397nam a2200133Ia 4500 | ||
|---|---|---|---|
| 008 | 210210b1965 xxu||||| |||| 00| 0 eng d | ||
| 082 | _a959.7 GETV | ||
| 100 | _aGETTLEMAN (Marvin E). | ||
| 245 | _aVietnam: history, documents and opinions on a major world crisis. | ||
| 260 |
_aGreenwich. _bFawcett Crest Book Publications., _c1965 |
||
| 300 | _av,448 | ||
| 690 | _aAsian History | ||
| 906 | _a041794 | ||
| 999 |
_c91834 _d91834 |
||